| 000 | 00652cam a2200205 4500 | ||
|---|---|---|---|
| 001 | 46159 | ||
| 090 | _a46159 | ||
| 100 | _a19941007d1994 demy0pory5003 ba | ||
| 101 | 0 | _apor | |
| 102 | _aPT | ||
| 200 | 1 |
_aServiçco de bibliotecas e apoio à leitura _fFundacão Calouste Gulbenkian |
|
| 210 | 9 |
_a[Lisboa] _cFundacão Calouste Gulbenkian _dimp. 1994 |
|
| 215 |
_a63 p. _cil. _d19 cm |
||
| 601 | 0 | 1 |
_aFunda—cão Calouste Gulbenkian. _bServi—co de Bibliotecas e Apoio á Leitura |
| 675 | _a02 | ||
| 675 |
_a027.3(469)"1958/1993" _vBN _zpor |
||
| 675 |
_a061.2(469) FCG _vBN _zpor |
||
| 710 | 0 | 2 | _aFunda—cão Calouste Gulbenkian |
| 801 | 0 |
_aPT _bBN _gRPC |
|
| 990 | _cLIVROS | ||